Ochrana pred zneužitím osobných údajov v sieti internet bakalárska práca

Saved in:
Bibliographic Details
Main Author: Kučera, Vladimír
Corporate Author: Fakulta podnikového manažmentu EU. Katedra informačného manažmentu
Other Authors: Žiar, Daniel
Format: Book
Language:Slovak
Published: Bratislava 2010
Tags: Add Tag
No Tags, Be the first to tag this record!

MARC

LEADER 00000nam$a2200000$$$4500
001 0129045
005 20160627120501.9
041 0 |a slo 
044 |a SK 
245 1 0 |a Ochrana pred zneužitím osobných údajov v sieti internet  |b bakalárska práca  |c Vladimír Kučera ; škol. Daniel Žiar 
264 1 |a Bratislava  |c 2010 
300 |a 52 s. 
100 1 |a Kučera, Vladimír 
700 1 |a Žiar, Daniel 
710 2 |a Fakulta podnikového manažmentu EU. Katedra informačného manažmentu